Przeboje (Lp Pronit Plp 0032) (Record n. 99737)

Dettagli MARC
000 -LEADER
fixed length control field 02685njm a2200445Ia 4500
001 - CONTROL NUMBER
control field 73155
003 - CONTROL NUMBER IDENTIFIER
control field IT-RoPAU
005 - DATE AND TIME OF LATEST TRANSACTION
control field 20220918181120.0
008 - FIXED-LENGTH DATA ELEMENTS--GENERAL INFORMATION
fixed length control field 131025s9999 xx 000 0 und d
040 ## - CATALOGING SOURCE
Original cataloging agency IT-RoPAU
040 ## - CATALOGING SOURCE
Transcribing agency IT-RoPAU
041 ## - LANGUAGE CODE
Language code of text/sound track or separate title POLACCO
999 ## - SYSTEM CONTROL NUMBERS (KOHA)
Koha Dewey Subclass [OBSOLETE] n.d.
100 ## - MAIN ENTRY--PERSONAL NAME
Personal name AA.VV.
9 (RLIN) 794
100 ## - MAIN ENTRY--PERSONAL NAME
Relator term Autore musica
9 (RLIN) 24687
100 ## - MAIN ENTRY--PERSONAL NAME
Miscellaneous information Codice autore musica SPICS: 12000
9 (RLIN) 796
245 ## - TITLE STATEMENT
Title Przeboje (Lp Pronit Plp 0032)
250 ## - EDITION STATEMENT
Edition statement 1a ed.
260 ## - PUBLICATION, DISTRIBUTION, ETC. (IMPRINT)
Place of publication, distribution, etc. POLONIA
260 ## - PUBLICATION, DISTRIBUTION, ETC. (IMPRINT)
Name of publisher, distributor, etc. PRONIT
300 ## - PHYSICAL DESCRIPTION
Extent DISCO
500 ## - GENERAL NOTE
General note Musica leggera polacca. Hit Parade polacca
505 ## - FORMATTED CONTENTS NOTE
Formatted contents note Kiedy Dzien Za Noca Goni - Wez Slonce Do Rak - Bedziesz Ty - Jeszcze Moja - Tobie I Mnie - Po Co Ja Za Toba Biegam - Usmiechajcie Sie Dziewczeta - Inna Niz Wszystkie - Krajobrazy - Znamy Sie Tylko Z Widzenia - Bylas Tu
650 ## - SUBJECT ADDED ENTRY--TOPICAL TERM
Topical term or geographic name as entry element MUSICA POLACCA [DISCHI]
Relator term Codice MATERIA SPICS: 9950
9 (RLIN) 24688
700 ## - ADDED ENTRY--PERSONAL NAME
Personal name Trubadurzy
Miscellaneous information Codice interprete SPICS: 25571
Relator term Interprete
9 (RLIN) 24689
700 ## - ADDED ENTRY--PERSONAL NAME
Personal name Kowalewski S.
Miscellaneous information Codice autore musica SPICS: 25419
Relator term Autore musica
Name of part/section of a work Kiedy Dzien Za Noca Goni - Wez Slonce Do Rak - Bedziesz Ty - Jeszcze Moja
9 (RLIN) 24690
700 ## - ADDED ENTRY--PERSONAL NAME
Personal name Rostkowski T.
Miscellaneous information Codice autore SPICS: 25483
Relator term Autore
Name of part/section of a work Kiedy Dzien Za Noca Goni - Wez Slonce Do Rak
9 (RLIN) 24691
700 ## - ADDED ENTRY--PERSONAL NAME
Personal name Kondratowicz J.
Miscellaneous information Codice autore testo/musica SPICS: 25196
Relator term Autore testo/musica
Name of part/section of a work Kiedy Dzien Za Noca Goni - Bedziesz Ty - Jeszcze Moja - Tobie I Mnie - Krajobrazy
9 (RLIN) 24692
700 ## - ADDED ENTRY--PERSONAL NAME
Personal name Glogowski M.
Miscellaneous information Codice autore testo/musica SPICS: 25510
Relator term Autore testo/musica
Name of part/section of a work Wez Slonce Do Rak
9 (RLIN) 24693
700 ## - ADDED ENTRY--PERSONAL NAME
Personal name Halny S.
Miscellaneous information Codice autore testo/musica SPICS: 25511
Relator term Autore testo/musica
Name of part/section of a work Jeszcze Moja
9 (RLIN) 24694
700 ## - ADDED ENTRY--PERSONAL NAME
Personal name Krawczyk Krzysztof
Miscellaneous information Codice autore musica SPICS: 25171
Relator term Autore musica
Name of part/section of a work Tobie I Mnie
9 (RLIN) 24695
700 ## - ADDED ENTRY--PERSONAL NAME
Personal name Poznakowski R.
Miscellaneous information Codice autore musica SPICS: 25103
Relator term Autore musica
Name of part/section of a work Po Co Ja Za Toba Biegam - Usmiechajcie Sie Dziewczeta - Krajobrazy - Znamy Sie Tylko Z Widzenia - Bylas Tu
9 (RLIN) 24696
700 ## - ADDED ENTRY--PERSONAL NAME
Personal name Kleyny J.
Miscellaneous information Codice autore testo/musica SPICS: 25512
Relator term Autore musica
Name of part/section of a work Po Co Ja Za Toba Biegam
9 (RLIN) 24697
700 ## - ADDED ENTRY--PERSONAL NAME
Personal name Patuszynski W.
Miscellaneous information Codice autore testo/musica SPICS: 25513
Relator term Autore testo/musica
Name of part/section of a work Usmiechajcie Sie Dziewczeta
9 (RLIN) 24698
700 ## - ADDED ENTRY--PERSONAL NAME
Personal name Lichtman M.
Miscellaneous information Codice autore musica SPICS: 25420
Relator term Autore musica
Name of part/section of a work Inna Niz Wszystkie
9 (RLIN) 24699
700 ## - ADDED ENTRY--PERSONAL NAME
Personal name Winkler K.
Miscellaneous information Codice autore testo/musica SPICS: 25189
Relator term Autore testo/musica
Name of part/section of a work Inna Niz Wszystkie
9 (RLIN) 24700
700 ## - ADDED ENTRY--PERSONAL NAME
Personal name Glogowski M.
Miscellaneous information Codice autore testo/musica SPICS: 25510
Relator term Autore testo/musica
Name of part/section of a work Znamy Sie Tylko Z Widzenia
9 (RLIN) 24701
700 ## - ADDED ENTRY--PERSONAL NAME
Personal name Senar
Miscellaneous information Codice autore testo/musica SPICS: 25514
Relator term Autore testo/musica
Name of part/section of a work Bylas Tu
9 (RLIN) 24702
942 ## - ADDED ENTRY ELEMENTS (KOHA)
Koha item type DISCHI
Source of classification or shelving scheme Dewey Decimal Classification
Dati di copia
Withdrawn status Lost status Damaged status Not for loan Home library Current library Date acquired Total Checkouts Full call number Date last seen Price effective from Koha item type Public note
    Buone Condizioni Not For Loan SPICS-MEDIATECA SPICS-MEDIATECA 25/10/2013   73155 25/10/2013 25/10/2013 DISCHI Progr. Ins.: 17489 / N.Vol.: 1 / Copie: 1 - Copia rara: n.d. / date import: 01.01.2014 - By Epidotti, Trombetti, Vaglietti
CREDITS: SOCIETA' SAN PAOLO Via A.Severo, 58 - ROMA (RM) & PERIODICI SAN PAOLO SRL Via Giotto, 36 MILANO & CISF Via Giotto, 36 MILANO & EDIZIONI SAN PAOLO SRL,  Piazza Soncino, 5 CINISELLO BALSAMO (MI) -- ITALY